I Buddenbrook ; Tolstoj. Per il centenario della nascita ; Richard Wagner e "L'anello del Nibelungo" ; Goethe e la Democrazia / (Record n. 358011)
[ formato base ]
| 000 -LEADER | |
|---|---|
| fixed length control field | 01584nam a22002897a 4500 |
| 003 - CONTROL NUMBER IDENTIFIER | |
| control field | IT-MiSPE |
| 005 - DATE AND TIME OF LATEST TRANSACTION | |
| control field | 20181115122217.0 |
| 008 - FIXED-LENGTH DATA ELEMENTS--GENERAL INFORMATION | |
| fixed length control field | 180927b ||||| |||| 00| 0 eng d |
| 040 ## - CATALOGING SOURCE | |
| Original cataloging agency | IT-MiSPE |
| Language of cataloging | ita |
| Transcribing agency | IT-MISPE |
| 041 ## - LANGUAGE CODE | |
| Language code of text/sound track or separate title | ita |
| 082 ## - DEWEY DECIMAL CLASSIFICATION NUMBER | |
| Classification number | 838-MAN th bu (23193) |
| 100 ## - MAIN ENTRY--PERSONAL NAME | |
| Personal name | Mann, Thomas |
| Titles and words associated with a name | Premio Nobel (1929) |
| Dates associated with a name | 1875-1955 |
| Relator term | autore |
| 9 (RLIN) | 57389 |
| 240 ## - UNIFORM TITLE | |
| Uniform title | Buddenbrooks ; Tolstoj. Zur Jahrhundertfeier seiner Geburt ; Richard Wagner und der "Ring des Nibelungen" ; Goethe und die Demokratie / |
| Language of a work | ger |
| 245 ## - TITLE STATEMENT | |
| Title | I Buddenbrook ; Tolstoj. Per il centenario della nascita ; Richard Wagner e "L'anello del Nibelungo" ; Goethe e la Democrazia / |
| Statement of responsibility, etc. | Traduzione di Ervino Pocar / Italo Alighiero Chiusano / Bruno Arzeni / |
| 250 ## - EDITION STATEMENT | |
| Edition statement | Edizione speciale CDE spa - Milano su licenza della Arnoldo Mondadori Editore |
| 260 ## - PUBLICATION, DISTRIBUTION, ETC. (IMPRINT) | |
| Place of publication, distribution, etc. | Milano : |
| Name of publisher, distributor, etc. | Collezione Premi Nobel (su licenza della Mondadori) |
| Date of publication, distribution, etc. | 1985 [1952-53 ; 1958 ; 1953 ; 1958] |
| 300 ## - PHYSICAL DESCRIPTION | |
| Extent | xxxv, 798 p. ; |
| Dimensions | 19 cm |
| 490 ## - SERIES STATEMENT | |
| Series statement | Collezioni Premi Nobel |
| 546 ## - LANGUAGE NOTE | |
| Language note | Traduzione di Ervino Pocar (I Buddenbrook) ; Italo Alighiero Chiusano (Tolstoj) ; Bruno Arzeni (Richard Wagner e "L'anello del Nibelungo" / Goethe e la Democrazia) |
| 655 ## - INDEX TERM--GENRE/FORM | |
| Genre/form data or focus term | Lingua e letteratura tedesca |
| General subdivision | Vari altri autori: opere originali e studi |
| 9 (RLIN) | 57384 |
| 700 ## - ADDED ENTRY--PERSONAL NAME | |
| Personal name | Pocar, Ervino |
| Dates associated with a name | 1892-1981 |
| Relator term | tr. |
| 9 (RLIN) | 57390 |
| 700 ## - ADDED ENTRY--PERSONAL NAME | |
| Personal name | Chiusano, Alighiero Italo |
| Dates associated with a name | 1926-1995 |
| Relator term | tr. |
| 9 (RLIN) | 57391 |
| 700 ## - ADDED ENTRY--PERSONAL NAME | |
| Personal name | Arzeni, Bruno |
| Dates associated with a name | 1905-1954 |
| Relator term | tr. |
| 9 (RLIN) | 57392 |
| 700 ## - ADDED ENTRY--PERSONAL NAME | |
| Personal name | Paci, Enzo |
| Dates associated with a name | 1911-1976 |
| Relator term | introduzione (Thomas Mann) |
| 9 (RLIN) | 57394 |
| 830 ## - SERIES ADDED ENTRY--UNIFORM TITLE | |
| Uniform title | Collezioni Premi Nobel |
| 9 (RLIN) | 57393 |
| 942 ## - ADDED ENTRY ELEMENTS (KOHA) | |
| Source of classification or shelving scheme | Dewey Decimal Classification |
| Koha item type | LIBRO |
| Withdrawn status | Lost status | Source of classification or shelving scheme | Damaged status | Not for loan | Home library | Current library | Date acquired | Total Checkouts | Full call number | Date last seen | Price effective from | Koha item type |
|---|---|---|---|---|---|---|---|---|---|---|---|---|
| Dewey Decimal Classification | Buone Condizioni | Not For Loan | CINISELLO | CINISELLO | 27/09/2018 | 838-MAN th bu (23193) | 27/09/2018 | 27/09/2018 | LIBRO |